|
|
|
|
| LEADER |
01096nam a2200265 a 4500 |
| 001 |
4017284 |
| 008 |
120325r20072000enka b 001 0 eng |
| 010 |
|
|
|a 97031090
|
| 020 |
|
|
|a 9788175960725
|
| 020 |
|
|
|a 0521583888 (hardback)
|
| 040 |
|
|
|a DLC
|c DLC
|d DLC
|d BD-DhAAL
|
| 050 |
0 |
0 |
|a QA76.76.C65
|b A674 1998
|
| 082 |
0 |
0 |
|a 005.4/53
|2 21
|
| 100 |
1 |
|
|a Appel, Andrew W.,
|d 1960-
|
| 245 |
1 |
0 |
|a Modern compiler implementation in Java /
|c Andrew W. Appel.
|
| 250 |
|
|
|a Rev. ed.
|
| 260 |
|
|
|a Cambridge [England] ;
|a New York, NY, USA :
|b Cambridge University press,
|c 2000[reprinted 2007].
|
| 300 |
|
|
|a x, 548 p. :
|b ill. ;
|c 24 cm.
|
| 504 |
|
|
|a Includes bibliographical references (p. 532-540) and index.
|
| 541 |
|
|
|e 00024840
|
| 650 |
|
0 |
|a Compilers (Computer programs)
|
| 650 |
|
0 |
|a Java (Computer program language)
|
| 852 |
1 |
|
|a Ayesha Abed Library
|c General shelf.
|
| 999 |
|
|
|c 12027
|d 12027
|
| 952 |
|
|
|0 0
|1 0
|2 ddc
|4 0
|6 005_453000000000000_APP
|7 0
|9 19807
|a BRACUL
|b BRACUL
|c GEN
|d 2012-03-24
|e Paragon Enterprises Ltd.
|g 595.00
|l 6
|m 24
|o 005.453 APP
|p 3010024840
|q 2026-06-02
|r 2026-02-05
|s 2026-02-05
|t 1
|w 2012-03-27
|y BK
|